[Event "ARM-ROW m"]
[Site "Moscow"]
[Date "2004.06.13"]
[Round "4"]
[White "Kasparov, Garry"]
[Black "Adams, Michael"]
[Result "1/2-1/2"]
[WhiteElo "2817"]
[BlackElo "2731"]
[Annotator "Stohl,I"]
[PlyCount "90"]
[EventDate "2004.06.10"]
[EventType "team"]
[EventRounds "6"]
[EventCountry "RUS"]
[SourceTitle "CBM 102"]
[Source "ChessBase"]
[SourceDate "2004.09.23"]
[SourceVersion "1"]
[SourceVersionDate "2004.09.23"]
[SourceQuality "1"]
[WhiteTeam "Armenia"]
[BlackTeam "Rest of the World"]
[WhiteTeamCountry "ARM"]

1. Nf3 Nf6 2. c4 e6 3. Nc3 c5 4. g3 b6 5. Bg2 Bb7 6. O-O Be7 7. d4 cxd4 8. Qxd4
d6 9. Bg5 {The English Hedgehog is a surprisingly rare guest in Kasparov's
practice, in the early 1980s he played it in a few games with Black. The most
important of those was his first one-on-one encounter with Karpov, in this
game he chooses the same system as the World Champion did 23 years ago.} ({
However, nowadays} 9. Rd1 {or}) (9. b3 {are considered to be more ambitious
for White.}) 9... a6 {Black continues with the Hedgehog set-up. As White
intends to exchange his B on f6 anyway, it doesn't make sense to kick it with}
(9... h6 $6) 10. Bxf6 {The immediate exchange allows White to develop pressure
against the Pd6, which in turn leads to the exchange of the Bb7.} (10. Rfd1
Nbd7 11. Qd2 Qc8 $1 12. b3 O-O 13. Rac1 Rd8 14. Qb2 Qc7 15. a4 Rac8 16. Ne1
Bxg2 17. Nxg2 Ne5 18. Be3 Qb7 19. f3 Nc6 20. Nf4 h6 21. g4 Ne5 22. Bf2 Ne8 23.
Bg3 g6 24. Qd2 Bf6 25. Ng2 Kh7 26. Qe3 Bg7 $11 {Karpov-Ftacnik/Thessaloniki
olm/1988/}) 10... Bxf6 11. Qf4 ({The other alternative is} 11. Qd3 Qc7 (11...
Ra7 $5 {is also playable}) 12. Rad1 Be7 13. Nd4 Bxg2 14. Kxg2 Nc6 15. f4 O-O
$132) 11... O-O 12. Rfd1 Be7 13. Ne4 Bxe4 $8 (13... e5 $2 14. Qe3 $16 {[%csl
Rd5,Rd6] ><d6,d5}) 14. Qxe4 Ra7 15. Nd4 $11 {[%csl Rc6,Re7,Gg2][%cal Ya2a4,
Yb2b5][%mdl 256] /+/=,^- White relies on his somewhat more valuable B, as
compared to its black counterpart. The point is it targets the ><c6, White's
plan is to advance his <<P and occupy this outpost with a minor piece. A
riskless venture, but if Black defends alertly, he can neutralize White's edge.
A surprisingly mild opening choice by Kasparov with White, we'll see Adams is
up to his task.} (15. Rac1 Qc8 16. b3 Qc5 17. Nd2 Nd7 18. Nb1 Nf6 19. Qd3 b5 $1
20. cxb5 Qxb5 21. Qd4 Qb8 22. Nc3 Rc7 23. Ne4 d5 $11 {Tal,M-Vaganian,R/Moscow/
1983/}) (15. Qe3 Rc7 (15... Nc6 $5 $11) 16. Rac1 Qc8 17. Nd4 Rxc4 $2 (17... Re8
$142 $132) 18. Nc6 $1 {is a trick Black must beware of} Nxc6 19. Rxc4 d5 20.
Rcc1 $16 {Illescas Cordoba,M-Galego,L/Los Yebenes/1990/}) 15... Rc7 (15... Qc8
16. b3 Re8 (16... Bf6 17. a4 Rd8 18. Qe3 Qc5 19. Ra2 Bxd4 $5 20. Rxd4 a5 21.
Rad2 {1/2,Pigusov,E-Ulibin,M/Dubai op/2002/} Rad7 {[%cal Yc5c7,Yb8a6,Ya6c5] /
\Qc7,Na6-c5<=>}) 17. a4 Qc5 18. Ra2 Bf6 19. Rad2 Rc7 20. Qb1 Be7 21. b4 Qh5 22.
Rc2 Rec8 $10 {Karpov,A-Kasparov,G/Moscow 4 teams/1981/}) 16. b3 Rc5 17. a4 Qc7
18. Qb1 Nd7 $1 {This is the important point of Black's previous moves - his N
doesn't have to guard c6 passively and can enter the game.} ({A model example
of White's plan in action is} 18... Rc8 $143 19. Ra2 Bf8 20. e3 Qe7 21. Rc2 g6
22. Qa2 Qg5 $6 23. h4 Qf6 24. b4 R5c7 25. b5 a5 26. Nc6 Nd7 27. Rcd2 Nc5 28.
Qc2 Qg7 29. f4 Kh8 30. Bf3 Re8 31. Kg2 f5 32. e4 e5 33. fxe5 dxe5 34. Rd8 $16 {
|^,Andersson,U-Seirawan,Y/London/1982/}) 19. e3 (19. Ra2 Nf6 20. Nc2 Rd8 21.
Nb4 Qc8 22. Nd3 Rc7 23. Rc1 d5 $1 24. cxd5 Rxc1+ 25. Qxc1 Qxc1+ 26. Nxc1 Nxd5
27. Bxd5 Rxd5 28. Nd3 b5 $11 {Pigusov,E-Aseev,K/Vilnius/1984/}) 19... Qc8 ({
Adams prepares a5 and moves his Q away from the Nb5 attack.} 19... Nf6 $5 {
is similar, but gives Black a chance to play d5 earlier, after} 20. Ra2 d5 $11
{White has nothing.}) 20. Ra2 Nf6 21. Rc2 a5 $1 {White was already threatening
to play b4.} (21... Rd8 $2 22. b4 $36 {/\} Rxc4 $2 23. Rxc4 Qxc4 24. Rc1 $18)
22. Rdd2 (22. Nb5 d5 $11) (22. Rcd2 $142 $5 d5 (22... Rd8 23. Nb5 Ne8 (23... d5
24. cxd5 Nxd5 25. Bxd5 Rdxd5 26. Rxd5 exd5 (26... Rxd5 27. Rxd5 exd5 28. Qd3
$36 {[%csl Rd5] ><d5}) 27. Qd3 $14) 24. Rd3 {/\R1d2,Qd1+/=}) 23. cxd5 Nxd5 24.
Nf5 $36) 22... Rd8 23. Nb5 g6 24. Qd1 Ne8 25. Bf3 Qd7 26. Rd3 Nc7 $11 27. Rcd2
{White has come too late with the tripling on the d-file and his initiative
peters out.} (27. Nc3 Na6 $5 28. Ne4 Nb4 29. Rxd6 (29. Nxc5 bxc5 $11) 29...
Qxd6 $1 30. Nxd6 Nxc2 $11) 27... Nxb5 28. axb5 Bf8 29. Bc6 Qe7 30. Rd4 Qf6 31.
Kg2 h5 32. h3 Rc8 33. R2d3 Rc7 34. Qf3 Rf5 (34... Qxf3+ $143 35. Kxf3 Ra7 36.
Ke2 {/\f4,צc5 immobilises Black's R and gives White chances.}) 35. Rf4 $5 (35.
Qe2 Ra7 $11) 35... Rxf4 36. exf4 Ra7 37. Qe3 Qd8 38. c5 (38. g4 $5 hxg4 39.
hxg4 a4 40. b4 {[%cal Rc4c5] /\c5|^} a3 $1 41. Rxa3 Rxa3 42. Qxa3 d5 $132)
38... bxc5 39. Qxc5 Qb8 40. Qe3 (40. Qd4 d5 $11 {/~~}) 40... a4 (40... d5 41.
f5 $1 $14) 41. b6 (41. bxa4 Rxa4 42. b6 Rc4 $11) 41... Ra6 42. bxa4 Rxb6 43.
Bb5 d5 (43... Bg7 $11) 44. f5 $5 exf5 (44... gxf5 45. Qg5+ Bg7 46. Qxh5 $14)
45. Rxd5 Rd6 (45... Rd6 46. Re5 (46. Rxd6 Bxd6 {[%cal Rf5f4] /\f4=}) 46... Qb7+
$11) 1/2-1/2

[Event "World Cup"]
[Site "Reykjavik"]
[Date "1991.??.??"]
[Round "7"]
[White "Andersson, Ulf"]
[Black "Portisch, Lajos"]
[Result "1/2-1/2"]
[WhiteElo "2625"]
[BlackElo "2570"]
[Annotator "Stohl,I"]
[PlyCount "89"]
[EventDate "1991.09.??"]
[EventType "tourn"]
[EventRounds "15"]
[EventCountry "ISL"]
[EventCategory "16"]
[SourceTitle "CBM 026"]
[Source "ChessBase"]
[SourceDate "1992.02.01"]
[SourceVersion "1"]
[SourceVersionDate "1992.02.01"]
[SourceQuality "1"]

1. Nf3 c5 2. c4 b6 3. g3 Bb7 4. Bg2 g6 5. d4 cxd4 6. Qxd4 Nf6 7. Nc3 Bg7 8. O-O
d6 9. b3 (9. Be3 Nbd7 10. Rfd1 O-O (10... Rc8 11. Rac1 O-O 12. Qh4 a6 13. b3
Re8 14. Bh3 Rc7 15. Bh6 {Wojtkiewicz,A-Palkovi,J,Stara Zagora zt-B 1990-CBM 17}
Rc5 $10) 11. Qh4 a6 12. Bh6 Rc8 13. Bxg7 Kxg7 14. Rac1 Re8 15. Qf4 Rc5 $10 {
Wojtkiewicz,A-Adorjan,A,Polanica Zdroj 1991-CBM 26}) 9... Nbd7 10. Bb2 Rc8 (
10... O-O 11. Nd5 $6 (11. Rfd1 Rc8 {-10... c8}) 11... b5 $1 12. Rac1 Rc8 13.
Rfd1 bxc4 14. bxc4 Rc5 15. Ne1 Bxd5 16. cxd5 Qa5 17. Rxc5 Nxc5 18. Qc4 Rb8 $36
{Moehring,G-Gurevich,M,Balatonbereny 1987}) 11. Rfd1 O-O 12. Rac1 (12. Qe3 Re8
13. Rac1 a6 14. Ba1 Rc5 $1 15. a4 Qa8 16. Ne1 Rf5 17. Bxb7 Qxb7 18. f3 h5 19.
Ng2 Rc5 20. Bb2 Rcc8 $10 {Karpov,A-Kasparov,G,WCH III Leningrad 1986}) (12. Nd5
$6 Bxd5 13. cxd5 Rc2 $36) 12... Rc5 $1 13. Ne1 {N} (13. Qd2 Qa8 14. Ne1 Bxg2
15. Nxg2 Ne4 $10 {Polgar,Zsu-Stohl,I,Brno 1991-CBM 26}) (13. Qe3 Re8 $10) 13...
Bxg2 14. Nxg2 Nd5 $10 15. Qd2 Nxc3 16. Bxc3 Bxc3 17. Rxc3 Nf6 18. f3 Qc7 19. e4
(19. a4 d5 20. Rdc1 Rc8 $10) 19... b5 $132 20. Rdc1 (20. Ne3 $142) 20... Rc8
21. Ne3 Qa5 22. Kg2 $6 (22. R3c2 $142 Qxd2 23. Rxd2 $10) 22... bxc4 23. Nxc4
Qa6 24. R3c2 (24. Rd3 Nd7 $1 $36) 24... d5 $15 25. exd5 Nxd5 26. Kf2 Qe6 (26...
h5 $5 $36) 27. Qe2 (27. Ne3 $4 Qxe3+ 28. Qxe3 Rxc2+ $19) (27. Na3 $5 Qh3 28.
Kg1 $10 (28. Rxc5 Rxc5 29. Kg1 (29. Rxc5 $2 Qxh2+ 30. Ke1 Qg1+ $17) 29... Qc8
$36)) 27... Qh3 28. Kg1 Qf5 $15 29. Rd2 (29. Na3 Nb4 $36) 29... Qf6 30. Re1
R8c7 (30... e6 $6 31. Nd6 {P e4} Nc3 32. Qf2 $132) 31. f4 Qc3 (31... a5 $5) 32.
Rd3 Qf6 33. Qd2 e6 34. Qf2 a5 35. Qd4 $10 Qxd4+ 36. Rxd4 a4 37. Kf2 axb3 38.
axb3 Rb5 39. Rd3 Ra7 40. Ne3 Nf6 (40... Ra2+ 41. Re2 $10) 41. Nc4 Ra2+ (41...
Ng4+ 42. Kg1 Ra2 43. h3 $10 {P} Nf2 $2 44. Rd2 Nxh3+ 45. Kg2 $16) 42. Rd2 Ra8
43. Rd3 Ra2+ (43... Rab8 44. Nd2 $10 (44. Rb1 $2 Ne4+ 45. Ke3 Nc5 $17)) 44. Rd2
Ra8 45. Rd3 $10 {[Stohl,I]} 1/2-1/2

[Event "Belgrade"]
[Site "Belgrade"]
[Date "1993.??.??"]
[Round "6"]
[White "Beliavsky, Alexander G"]
[Black "Tiviakov, Sergei"]
[Result "1-0"]
[WhiteElo "2635"]
[BlackElo "2635"]
[Annotator "Stohl,I"]
[PlyCount "119"]
[EventDate "1993.??.??"]
[EventType "tourn"]
[EventRounds "9"]
[EventCountry "YUG"]
[EventCategory "16"]
[SourceTitle "CBM 039"]
[Source "ChessBase"]
[SourceDate "1994.04.01"]
[SourceVersion "1"]
[SourceVersionDate "1994.04.01"]
[SourceQuality "1"]

1. Nf3 {Belov Hansen,Cu} Nf6 2. c4 b6 3. g3 e6 4. Bg2 Bb7 5. O-O Be7 6. Nc3 O-O
(6... c5 7. Re1 d5 8. cxd5 Nxd5 9. e4 Nb4 10. d4 cxd4 11. Nxd4 N8c6 12. Nxc6
Qxd1 13. Rxd1 Bxc6 14. Bf4 g5 15. Bd6 Bxd6 16. Rxd6 Ke7 17. e5 Bxg2 18. Kxg2
Rhd8 19. Rad1 Rxd6 20. exd6+ Kd7 21. a3 Na6 22. Ne4 $36 {Hoffman,A-Szmetan,J/
San Martin/1993/}) 7. Re1 (7. d4 Ne4 {-E19}) 7... d5 (7... c5 8. e4 $14 {/\d4})
(7... Ne4 $5 {Belov}) 8. cxd5 (8. Ne5 {Hansen,Cu} Qc8 (8... Nbd7 9. d4 Nxe5 (
9... c5 10. e3 Rc8 11. Qa4 Nxe5 12. dxe5 Ne4 13. Bxe4 Bc6 14. Bxh7+ Kxh7 15.
Qc2+ Kg8 16. Rd1 $16 {Fridman,D-Gelman,A/URS-chJ/1992/}) 10. dxe5 Ne4 11. cxd5
Nxc3 12. bxc3 Bxd5 13. Bxd5 Qxd5 14. Qxd5 exd5 15. e4 dxe4 16. Rxe4 $10 {
Bukal-Perruchoud,B/Mendrisio open/1988/}) (8... Na6 9. d4 c5 10. Bf4 Re8 11.
Rc1 Bd6 12. Nb5 $14 {Waldschlaeger,J-Breyther,R/2.BLN/1988/}) 9. cxd5 Nxd5 10.
Nxd5 Bxd5 11. e4 Bb7 12. d4 Nd7 13. Nxd7 Qxd7 14. Be3 Rfd8 15. Qb3 c5 16. Rad1
{Waldschlaeger,J-Rhodin,C/2.BLN/1989/}) 8... Nxd5 (8... exd5 {Belov} 9. d4 $14)
9. e4 (9. Nxd5 {Hansen,Cu} Bxd5 (9... exd5 10. d4 Nd7 11. Bf4 c5 12. dxc5 bxc5
13. Nd2 a5 14. Rc1 Ra7 $10 {Portisch,L-Karpov,A/Milano/1975/}) 10. Qc2 c5 11.
b3 Nd7 12. Bb2 Rc8 $10 {Becker,Ma-Lorson,S/2.BLSW/1989/}) (9. d4 {Hansen,Cu} c5
(9... Nxc3 10. bxc3 Be4 11. Ne5 Bxg2 12. Kxg2 c5 13. e4 Bf6 14. Nf3 Nc6 15. Be3
cxd4 16. cxd4 Qd7 $10 {Ericsson,M-Rozentalis,E/Malmo/1993/}) 10. Nxd5 Qxd5 11.
Nh4 Qd7 12. dxc5 Bxg2 13. Nxg2 Bxc5 14. Be3 Bb4 15. Rf1 Rd8 $10 {Makarov,
M-Neverov,A/Kuibishev/1990/}) 9... Nxc3 10. bxc3 c5 11. d4 Nd7 {!? Belov} (
11... cxd4 12. cxd4 Nc6 13. Bb2 (13. Rb1 {Hansen,Cu} Rc8 14. Bf4 Bd6 15. Bd2
Re8 16. Bc3 $14 {Vaganjan,R-Savon,V/Moskva/1990/}) 13... Bf6 14. Rb1 Rc8 (14...
Na5 {Yudasin} 15. Bc3 $1 Nc4 16. Qd3 Rc8 17. e5 {/\Ng5} Bxf3 18. Qxf3 Be7 19.
Rbd1 Ba3 20. d5 exd5 21. Rxd5 Qe7 22. Bh3 $16 {Libeau,R-Womacka,M/Biel op/1993/
}) (14... Re8 {Belov} 15. h4 h6 $2 16. d5 exd5 17. e5 Be7 18. e6 $16 {Seirawan,
J-Timman,J/Las Palmas/1981/ Inf 32/53/}) 15. d5 exd5 16. exd5 Na5 17. Bxf6 Qxf6
18. Ne5 Rfd8 19. Rb4 Qd6 20. Rh4 h6 $13 {Ftacnik,L-Yudasin,L/Biel izt/1993/}) (
11... Nc6 12. d5 exd5 13. exd5 Na5 14. Bf4 Bd6 15. Ne5 Qc7 16. Qg4 (16. Qh5 {
Hansen,Cu} Rae8 17. Re3 g6 18. Qe2 $14 {Wirthensohn,H-Zude,A/2.BLSW/1990/})
16... Rad8 17. Re3 Bc8 18. Qh5 b5 19. Rae1 Bb7 20. g4 $40 {Dokhoian,Y-Dolmatov,
S/Klaipeda/1988/}) 12. Bf4 Nf6 13. Ne5 Rc8 14. Qd3 $1 $146 (14. Qd2 b5 $1 15.
Rad1 cxd4 16. cxd4 a5 17. Re3 Nh5 18. Rb3 b4 19. Be3 Qc7 20. Qe2 Nf6 21. Bf4
Bd6 22. g4 Qc2 $36 {Mukhtarov,L-Brodsky,M/Katowice op/1992/}) 14... cxd4 15.
cxd4 Bb4 (15... Nd7 $5 {Hansen,Cu} 16. Nf3 (16. Nc4 Ba6 $15) (16. Nxd7 Qxd7 $10
) (16. d5 {Belov} exd5 17. exd5 Nxe5 18. Bxe5 Bd6 $14) 16... Nc5 17. Qb1 Na4
$40) 16. Red1 (16. Rec1 Rxc1+ 17. Rxc1 Qa8 18. f3 Rc8 $10) 16... Rc3 17. Qe2
Qa8 18. Qb2 $1 (18. f3 {Hansen,Cu} Rfc8 $132) 18... Ba5 {ץa5} (18... a5 $2 {
Hansen,Cu} 19. a3 $18) 19. f3 $36 {[+]} Rfc8 20. Rac1 Nh5 (20... Rxc1 $5 {Belov
} 21. Rxc1 Rxc1+ 22. Qxc1 $14) 21. Bd2 Rxc1 22. Bxc1 $1 (22. Rxc1 Bxd2 23. Qxd2
Nf6 24. g4 Rxc1+ 25. Qxc1 Qd8 $10 {/\Nd7}) 22... Rc7 {/\Qc8,<=><->c; ?! Belov}
(22... Bc3 23. Qf2 $8 Nf6 24. g4 {|^,ץc3}) (22... Nf6 {Hansen,Cu} 23. Bf1 {
/\Nc4} (23. g4 {Belov} h6 $14) 23... Bc3 24. Qf2 $14 {>< Bc3 >< Qa8}) 23. g4
Nf6 24. g5 Ne8 (24... Nd7 $5 25. Bf4 Nxe5 26. Bxe5 $36 {><g7}) 25. Bd2 $1 Bxd2
26. Qxd2 Qd8 (26... Qc8 $5 $132 {Hansen,Cu /\Rc2} 27. Qf4 $36) 27. h4 f6 {
?! Hansen,Cu} (27... Nd6 $13 {Hansen,Cu}) (27... Qe7 $5 {Belov}) 28. Ng4 Kh8 $6
(28... Rd7 29. Bh3 $14 (29. Bf1 $5)) (28... Bc8 $5 {/\e5}) 29. Qb4 Qe7 30. Qxe7
Rxe7 31. Kf2 $16 {[+],><e6} Kg8 (31... Rc7 32. Ne3 Kg8 (32... Rc3 $2 33. Bh3
Nc7 34. d5 $18) 33. Bh3 Kf7 34. d5 $1 exd5 35. exd5 Nd6 (35... Bc8 $5 $132 {
Hansen,Cu}) 36. Nf5 Nxf5 37. Bxf5 {/\d6+-}) 32. Ne3 Kf7 33. Bf1 $1 (33. d5 $6
exd5 34. exd5 Nd6 $10) 33... Rd7 (33... Rc7 {Hansen,Cu} 34. Bc4 Ke7 35. Rg1 $14
) 34. Bc4 Ke7 (34... Nc7 $5 {Belov}) 35. d5 Nc7 {?! Belov} (35... e5 36. Nf5+
Kd8 37. Bb5 $18) (35... exd5 $142 $5 36. Bxd5 $16 (36. Nf5+ $5 Kf8 $8 37. Bb5
Rd8 38. Bxe8 Kxe8 39. Nxg7+ Kf7 40. Nf5 $16) (36. exd5 {Hansen,Cu} Nd6 $15) (
36. Nxd5+ {Belov} Bxd5 37. Rxd5 Rxd5 38. Bxd5 $16)) 36. gxf6+ gxf6 37. Bb3 $1
b5 (37... exd5 38. exd5 {/\d6!+-} Kd8 (38... Ne8 {Hansen,Cu} 39. Rg1 $16 (39.
Nf5+ {Belov} Kf8 40. d6 $18)) 39. d6 Ne8 40. Nf5 $18 {/\Be6}) 38. dxe6 Nxe6 (
38... Rxd1 39. Nf5+ $1 Ke8 (39... Kf8 40. e7+ Ke8 41. Bxd1) (39... Kd8 {
Hansen,Cu} 40. e7+ Kd7 41. Bxd1 $16) 40. Bxd1 $18 {/\Nd6}) 39. Nf5+ Kd8 $8 40.
Nd6 $1 (40. Rxd7+ Kxd7 41. Bxe6+ Kxe6 42. Nd4+ Ke5 43. Nxb5 a6 $132) 40... Nc5
(40... Ke7 41. Nxb5 $18) 41. Bc2 b4 42. e5 $1 Ke7 (42... fxe5 43. Bf5 $18) 43.
Bf5 Ne6 (43... Rc7 {Hansen,Cu} 44. exf6+ Kxf6 45. Ne8+ $18) (43... Rd8 {
Hansen,Cu} 44. Bxh7 (44. Rc1 {Belov} fxe5 45. Nxb7 Nxb7 46. Rc7+ Kf6 47. Bxh7
Nd6 48. Rxa7) 44... fxe5 45. Nf5+ Ke8 46. Bg6+ $18) 44. f4 {!?+/- Belov} (44.
exf6+ {Hansen,Cu} Kxf6 45. Ne8+ Ke7 46. Rxd7+ Kxd7 47. Nf6+ Ke7 48. Nxh7 Bd5
$13) 44... h6 (44... Rc7 45. Bxe6 Kxe6 46. Nxb7 Rxb7 47. Rd6+ $18) (44... fxe5
{Hansen,Cu} 45. fxe5 h6 46. Bg4 $16 {/\Nf5+} (46. Rg1 Bd5 47. Rg6 Bxa2 48. Rxh6
a5 $14)) 45. Bxe6 {! Belov} Kxe6 46. f5+ Ke7 (46... Kxe5 $2 47. Nc4+ $18) 47.
exf6+ Kf8 (47... Kxf6 48. Ne4+ $1 Ke7 49. f6+ Ke8 50. f7+ $1 $18 (50. Rxd7 {
Hansen,Cu} Kxd7 51. Nc5+ $18)) 48. Ke3 a5 49. Kf4 Ba6 50. Ke5 $18 Bc4 $5 (50...
Rc7 {Belov} 51. Rd5 Rc2 52. Rxa5 Be2 53. Kf4 $18) 51. Rc1 Rxd6 $8 52. Kxd6 Bxa2
53. Ke5 b3 54. Rc8+ Kf7 55. Rc7+ Kf8 56. Rb7 a4 57. f7 {/\Kf6+-} Kg7 $8 58. Ke6
{! Belov} b2+ 59. Ke7 Bxf7 60. Rxb2 {/\f6,Rg2+-} 1-0

[Event "Ptuj zt"]
[Site "Ptuj"]
[Date "1995.??.??"]
[Round "8"]
[White "Gostisa, Leon F"]
[Black "Atlas, Valeri"]
[Result "1/2-1/2"]
[WhiteElo "2420"]
[BlackElo "2450"]
[Annotator "Stohl,I"]
[PlyCount "110"]
[EventDate "1995.04.??"]
[EventType "tourn"]
[EventRounds "15"]
[EventCountry "SLO"]
[EventCategory "10"]
[SourceTitle "CBM 047"]
[Source "ChessBase"]
[SourceDate "1995.08.01"]
[SourceVersion "1"]
[SourceVersionDate "1995.08.01"]
[SourceQuality "1"]

1. c4 c5 2. Nf3 Nf6 3. Nc3 e6 4. g3 b6 5. Bg2 Bb7 6. O-O Be7 7. d4 cxd4 8. Qxd4
O-O $6 (8... d6 $142 9. Rd1 a6 $132) 9. Rd1 {/\Bf4,><d6} d6 (9... d5 10. Ne5
$36) 10. Bg5 $5 (10. e4 Nc6 (10... Nbd7 $5) 11. Qe3 Qc7 12. b3 Rac8 13. Bb2
Rfd8 14. Rac1 Qb8 15. h3 Ba8 16. Rd2 a6 17. Qe2 Na7 18. Nd4 Nc6 19. Rcd1 Nxd4
20. Rxd4 Nd7 21. Kh2 Nc5 22. b4 Nd7 23. f4 Qc7 24. Bf1 Nf6 25. b5 $1 $14 {
Lisenko,A-Vasiljevic,B/Tuzla/1990/}) (10. Nb5 $5 Nc6 11. Qd3 Qb8 12. b3 Rd8 13.
Bb2 a6 14. Nbd4 Ra7 15. Qe3 h6 16. Bh3 $1 Ba8 17. Nxe6 $1 fxe6 18. Qxe6+ Kf8
19. Nh4 Ne5 20. Bxe5 dxe5 21. Ng6+ Ke8 22. Nxe5 Rd6 23. Qf7+ Kd8 24. Qxg7 $40 {
Alburt,L-Tarjan,J/USA-ch/1981/}) 10... Nc6 (10... Nbd7 11. Nb5 $1 d5 12. cxd5
Bxd5 13. Nc3 Bc6 14. Qc4 $1 Qc8 15. e4 h6 16. Nd4 (16. Be3 $5 $36) 16... Bb7
17. Qxc8 Rfxc8 18. e5 Bxg2 19. exf6 Bb4 $1 20. Kxg2 Bxc3 21. bxc3 hxg5 22. Nxe6
Nxf6 23. Nxg5 Rxc3 24. Rac1 Rcc8 $10 {Korchnoi,V-Ftacnik,L/Biel/1984/}) (10...
Ne8 11. Bxe7 Qxe7 12. Qh4 Qxh4 13. Nxh4 Bxg2 14. Nxg2 Nc6 15. Nb5 Na5 16. Ne3
Nb7 17. Rd3 a6 18. Ra3 f5 19. Rd1 Kf7 20. Nc2 $6 Na5 21. Nxd6+ Nxd6 22. Rxd6
Nxc4 23. Rd7+ Ke8 24. Rxg7 Nxa3 25. Nxa3 $44 {Larsen,B-Adams,M/Cannes/1989/}) (
10... Na6 11. Rac1 h6 12. Bxf6 Bxf6 13. Qxd6 Qxd6 14. Rxd6 Nc5 15. b4 Bxc3 16.
bxc5 Bb2 17. Rcd1 bxc5 18. Rb1 Bxf3 19. Bxf3 Rab8 20. Ra6 Bc3 21. Rb5 $16 {
Stanec,N-Lobron,E/Ptuj zt/1995/}) 11. Qf4 Ne8 $146 (11... Qb8 12. Rd2 Ne5 13.
Nxe5 dxe5 14. Qh4 Bxg2 15. Kxg2 Qb7+ 16. f3 Rac8 17. Rad1 e4 18. b3 exf3+ 19.
exf3 Rc5 20. Bxf6 Bxf6 21. Qe4 Qb8 22. Qe3 Bxc3 23. Qxc3 h5 24. Rd7 Rf5 25.
R1d6 $36 {<->d,Karpov,A-Smirin,I/Moscow/1988/}) 12. Bxe7 Qxe7 13. Rac1 (13. Nd4
$5 Nxd4 (13... e5 14. Nxc6 Bxc6 15. Qe3 $16 {><d5,d6}) 14. Qxd4 Bxg2 15. Kxg2
$14 {(),><d6}) (13. Rd2 $14) 13... Rd8 14. b3 f5 (14... Nf6 $5 $14 {/\Rd7,Rfd8,
d5}) 15. Qe3 Nf6 16. Nb5 $6 (16. Nd4 $142 Nxd4 17. Bxb7 Qxb7 18. Rxd4 e5 19.
Rd2 $36) 16... e5 $1 {/\f4<=>} 17. Qg5 (17. Nfd4 $2 Nxd4 18. Nxd4 Ng4 $19)
17... a6 18. Nc3 e4 19. Nd4 (19. Nh4 $6 Ne8 20. Qd2 (20. Qxe7 Nxe7 $15 {
פh4,/\g5}) 20... Ne5 $13) 19... Nxd4 20. Rxd4 Qe5 21. Rcd1 b5 $1 $132 22. Qf4
Rc8 (22... Qxf4 23. gxf4 bxc4 24. bxc4 Rc8 25. e3 {/\Bf1+/-}) 23. Qxe5 (23.
Rxd6 $2 Qxc3) (23. e3 $5 $13) 23... dxe5 24. Rd6 bxc4 25. b4 $44 f4 26. Bh3 Rb8
(26... Rc7 $2 27. Be6+ Kh8 28. Rd8 $18) 27. Be6+ Kh8 28. a3 $6 (28. Bxc4 $5
Rbc8 (28... Rfc8 $2 29. Be6 $16) 29. Bd5 $5 (29. Be6 Rxc3 30. Rd8 Re8 31. Rxe8+
Nxe8 32. Rd8 Bc6 33. Bf7 e3 34. f3 $8 g5 35. Bxe8 Kg7 $15 {(),><e2}) 29... Nxd5
30. Nxd5 f3 31. exf3 exf3 32. Ne3 $13) (28. e3 g5 $5 $36 (28... f3 {עg1}))
28... e3 (28... g5 $1 $15) 29. gxf4 (29. fxe3 fxe3 $36 {<->f}) 29... exf2+ 30.
Kxf2 Nh5 (30... exf4 31. R1d4 g5 32. Rxc4 $14) 31. f5 $8 g6 32. Ke1 (32. e4
gxf5 33. exf5 Ng7 $15) 32... gxf5 33. Bd5 e4 34. Bxb7 Rxb7 35. Rxa6 (35. e3
$142 $44) 35... e3 $1 $40 {עe1,e2,h2,/\Rg7-+} 36. Rd4 Rg7 37. Kd1 f4 (37...
Rg2 $5 38. Rxc4 Rxh2 $15) 38. Rxc4 Rg2 39. Rd6 Rxh2 40. Rcd4 Kg7 (40... Ng3 $5)
41. Rd7+ Kg6 42. R7d6+ Kg5 43. R6d5+ Kg4 44. Kc2 $1 Ng3 45. Kd3 $13 Nxe2 $5 (
45... Rc8 46. Rc5 $13) 46. Nxe2 Kf3 47. Ng1+ $8 (47. Nc3 Rd2+ 48. Kc4 Rxd4+ 49.
Rxd4 e2 50. Re4 Rc8+ $19) (47. Nxf4 Rd2+ 48. Kc3 Rxd4 49. Rxd4 Rxf4 $19) 47...
Kf2 48. Rg5 f3 (48... Rg2 $2 49. Nh3+ $18) 49. Re4 Rd8+ 50. Kc4 e2 51. Nxf3 $8
Kxf3 52. Rge5 Rd2 (52... Rd1 $2 53. Re3+) 53. b5 Rb2 (53... Kf2 54. b6 Rb2 55.
b7 $10) 54. a4 Rh1 55. b6 $1 Rc1+ (55... Ra1 56. Kc3 Rxb6 57. Re3+ Kf4 58.
R3e4+ $10) (55... Rc1+ 56. Kd3 Rd1+ 57. Kc3 $10) (55... Rhb1 $5 56. Kd5 $5 (56.
Kd3 $2 Rb3+ 57. Kc2 R1b2+ 58. Kc1 Rxb6 $17) 56... Rd2+ 57. Kc6 Rc1+ 58. Kb7 Kf2
59. Rf5+ Kg2 60. Rfe5 $10) 1/2-1/2